Big Bar Brawl Contestants Quiz Stats

 Plays Quiz not verified by Sporcle

Challenge
Share
Tweet
Embed
Score 0/256 Timer 20:00
0 Plays Today
% Correct
Zeldoten
100%
Undyne
100%
Clash
100%
Yamame
100%
Arthur
100%
Ko
100%
Josephine
100%
Sammy
100%
Biollante
100%
Stacy Pena
100%
Major Alex Armstrong
100%
Rainbow Dash
100%
Kamen Rider OOO
100%
Nitori Kawashiro
100%
Samuel Baker
100%
Matt
100%
Dawn
100%
Owen
100%
Silence
98.4%
Alex
98.4%
Mac Tonight
98.4%
Mac Tonight
97.7%
Rainbow Dash
97.7%
Utsuho
97.7%
Amity the Ditto
97.6%
Sumireko
97.6%
Captain Underpants
97.6%
Praline a la Mode
97.6%
Sunshine
97.6%
Gran
97.6%
Big Joe Mufferaw
97.6%
Hong Meiling
97.6%
Doomguy
97.6%
Phoenix Ikki
97.6%
Rainbow Mika
97.6%
Gamera
97.6%
Sean
97.6%
Elesh Norn
97.6%
Silence
97.6%
Tuskarr Jouster
97.6%
Gregor
97.6%
Rainbow Dash
97.3%
Mac Tonight
97.3%
Rainbow Dash
97.3%
Rainbow Dash
97.3%
Ash
96.9%
Tenshi
96.9%
Shillelagh the Wailord
96.9%
Ko
96.9%
Aura
96.9%
Hong Meiling
96.9%
Rainbow Dash
96.9%
Hypotenuse
96.5%
Utsuho Reiuji
96.4%
ROB
95.5%
Widow Maker
95.5%
Widow Maker
95.5%
Contestant R
95.5%
General Cleft
95.5%
Widow Maker
95.5%
Hypotenuse
95.5%
Shuma-Gorath
95.3%
General Cleft
95.3%
Silence
95.3%
Ash
95.3%
Cauren
95.3%
Regigigas
95.3%
Sarah
95.3%
Beck
95.3%
Saxton Hale
95.3%
The Jackal
95.3%
Pteron
95.1%
Nylora Dred
95.1%
Sir Booby
95.1%
Ginocini
95.1%
Ray
95.1%
The Deleter
94.6%
Saxton Hale
94.2%
King Koopa
93.8%
Kevin
93.8%
Waldorf and Statler
93.8%
Adventure, Fantasy, and Horror
93.8%
Blajboa
93.8%
Alex the Janitor
93.7%
Erebus
93.7%
Shuma-Gorath
93.7%
% Correct
Doomrider
93.7%
Erebus
93.7%
Doomrider
93.7%
Gloria
93%
Mirror Jack
93%
Beck
93%
Scorpion
93%
Gamera
92.8%
Sine X. Cosine
92.8%
Aevar En-Charon
92.8%
Saxton Hale
92.8%
Samus Aran
92.8%
Gamera
92.8%
Rash
92.7%
Wet Tiger
92.7%
Eddie Riggs
92.7%
Seaport Hime
92.7%
Red
92.7%
Patient 421
92.7%
Cian
92.7%
Golden Freddy
92.7%
Yuyuko
92.7%
Music Meister
92.7%
Reggae Shark
92.7%
Junko
92.2%
Lanky Kong
92.2%
Amanda Dime
92.2%
Selah
92.2%
Lheg'ho
92.2%
Custard Cats
92.2%
Pech
92.2%
Yuugi
92.2%
Amity the Ditto
92.2%
Moosh
92.2%
WALL!!
92.2%
Courier Six
92.2%
Blind Scorpion Nun
92.2%
Edea
92.2%
The Flying Dutchman
92.2%
Crunk Wizard
91.9%
Oceanus
91.9%
Kaptain Skurvy
91.9%
Mikey
91.9%
Sammy
91.9%
Draco
91.9%
Beta Ray Bill
91.9%
Bella Swan
91.9%
Devil Ed
91%
RedSpy
91%
Saberwulf
91%
Saguaro PI
91%
Devil Ed
91%
Pit
91%
Sister Alice
91%
WALL!!
91%
The Custard Kittens
91%
Ariel
91%
Lisa
90.7%
Zephyrus
90.7%
Priscilla
90.7%
Rose
90.6%
Gallade
90.6%
Donkey Kong
90.6%
Jonesy
90.6%
Lauren
90.6%
Tit
90.6%
T-Bone
90.2%
Ceneric
90.2%
Toby
90.2%
Ricard
90.2%
Ogopogo
90.1%
Owltomaton
90.1%
Clippy
90.1%
Major Failure
90.1%
Ulrika Braunhaus
90.1%
Dirk
90.1%
Moosh
90.1%
Leonardo
90.1%
Yahoo Bot
90.1%
Kermit the Frog
89.5%
Checkmate
89.5%
Ralph Wrinkles
89.5%
Jaxx
89.2%
Tak-Sin
89.2%
Aiden Thane
89.2%
Scorpion
89.2%
% Correct
The Coneheads
89.2%
Hater
89.2%
Broderick
89.1%
Shimmer
89.1%
Raginold
89.1%
Keiran Ijaat
89.1%
Emma
89.1%
Bottleman
89.1%
Sapphire
88.4%
The Jolly Green Giant
88.4%
Gunter
88.4%
Mynmikda
88.4%
Designate_5
88.3%
Flamedog
88.3%
Designate_5
88.3%
Mrs. Commanderson
88.3%
Jumpropeman
88.3%
Gunter
88.3%
Permafrost
88.3%
Caitir
87.8%
Yotam
87.8%
Ingrid
87.8%
Remilia
87.8%
Stan Ligature
87.8%
Broque Monsieur
87.8%
Raw
87.8%
The Fazfucks
87.5%
Labrys
87.5%
Belinda
87.5%
Nightmare
87.5%
Doktor Hanz
87.4%
Waspinator
87.4%
Doktor Hanz
87.4%
The Monstars
87.4%
Sheep
87.4%
Forscythe Puddingshins
87.4%
Mr. Daniel
87.4%
April
87.2%
Him
87.2%
Reimu
87.2%
Tallish
87.2%
Dr. Deer
87.2%
17
86.5%
Carla
86.5%
Clint
86.5%
Bastardsaurus Rex
86.5%
Wheeler
86.5%
Goomy
86%
Victor
86%
Captain Razaan Redscales
86%
Hulk Hogan
85.9%
Bikker
85.9%
Ceadeus
85.6%
Gezora
85.6%
Samson
85.6%
Scorched Earth
85.6%
Springtrap
85.4%
Kaptin Bluddflagg
85.4%
Bandanna Dee
85.4%
Granny Diptera
84.9%
Zoe
84.9%
Godzooky
84.9%
Richard
84.7%
IronicHide
84.7%
T.F. Meagher
84.7%
Constantine XI Palaiologos
84.7%
Purnima
84.7%
Teen Girl Squad
84.4%
Siren
84.4%
Wheatley
84.4%
Grutz
83.8%
Deadhead
83.8%
Kela
83.7%
Ant
83.7%
Browny
83.7%
Lucky
82.9%
Spider-Pig
82%
Beatbox
81.4%
Santos
81.4%
Impossibear
81.4%
Raspberry
81.3%
Sunflower
81.3%
Jewel Man
81.3%
Winston
80.5%

You're not logged in!

Compare scores with friends on all Sporcle quizzes.
OR
Log In

You Might Also Like...

Show Comments

Extras

Created Jul 9, 2013ReportNominate
Tags:bar, brawl

Top Quizzes Today


Score Distribution

Your Account Isn't Verified!

In order to create a playlist on Sporcle, you need to verify the email address you used during registration. Go to your Sporcle Settings to finish the process.

Report this User

Report this user for behavior that violates our Community Guidelines.

Details: